书目信息 |
| 题名: |
商业环境设计
|
|
| 作者: | 朱力 编著 | |
| 分册: | ||
| 出版信息: | 北京 高等教育出版社 2008 |
|
| 页数: | 165页 | |
| 开本: | 26cm | |
| 丛书名: | ||
| 单 册: | ||
| 中图分类: | TU247.2 | |
| 科图分类: | ||
| 主题词: | 商店--环境设计--高等学校--教材 | |
| 电子资源: | ||
| ISBN: | 978-7-04-025441-9 | |
| 000 | 00856nam0 2200241 450 | |
| 001 | 0101682337 | |
| 005 | 20090310171146.0 | |
| 010 | @a978-7-04-025441-9@dCNY36.00 | |
| 100 | @a20090225d2008 em y0chiy0120 ea | |
| 101 | 0 | @achi |
| 102 | @aCN@b110000 | |
| 105 | @aa z 000yy | |
| 106 | @ar | |
| 200 | 1 | @a商业环境设计@9Shang Ye Huan Jing She Ji @f朱力编著@b专著 |
| 210 | @a北京@c高等教育出版社@d2008 | |
| 215 | @a165页@c图@d26cm@e1光盘 | |
| 300 | @a高等院校环境艺术设计系列教材 | |
| 330 | @a本书从三个层面(消费媒介、体验场所、公共交往空间)探讨商业环境设计的基本概念,通过对商业环境的分类及其构成要素的研究,尝试针对商业环境设计提供系统性的知识地图和整体框架。 | |
| 606 | 0 | @a商店@x环境设计@x高等学校@j教材 |
| 690 | @aTU247.2@v4 | |
| 701 | 0 | @a朱力@f(1966.9~)@4编著@9zhu li |
| 801 | 0 | @aCN@bAZmarc@c20230904 |
| 905 | @aBZT@dTU247@e12@f1@sTU247/12 | |
| 商业环境设计/朱力编著.-北京:高等教育出版社,2008 |
| 165页:图;26cm+1光盘 |
| 高等院校环境艺术设计系列教材 |
| ISBN 978-7-04-025441-9:CNY36.00 |
| 本书从三个层面(消费媒介、体验场所、公共交往空间)探讨商业环境设计的基本概念,通过对商业环境的分类及其构成要素的研究,尝试针对商业环境设计提供系统性的知识地图和整体框架。 |
| ● |
| 相关链接 |
|
|
|
正题名:商业环境设计
索取号:TU247/12
 
预约/预借
| 序号 | 登录号 | 条形码 | 馆藏地/架位号 | 状态 | 备注 |
| 1 | 2000004208 | 2000004208 | 旧书回溯/ [索取号:TU247/12] | 在馆 |